| 000 | 00979nam a22002657a 4500 | ||
|---|---|---|---|
| 005 | 20111005135751.0 | ||
| 008 | 111005t xxu||||| |||| 00| 0 eng d | ||
| 010 | _aENG-103881 | ||
| 020 |
_a9788120343993 _c725.00 |
||
| 035 | _aEN-87414 | ||
| 037 | _bDBAD / PUB | ||
| 040 |
_adpl _bEng |
||
| 082 | _a660.2812 | ||
| 100 | _924913 | ||
| 245 |
_aAnalysis, synthesis, and design of chemical processes / _cby Richard Turton ... [et al.]. |
||
| 250 | _a3rd ed | ||
| 260 |
_aNew Delhi _bPHI Learning _c2011 |
||
| 270 |
_aM-97 Connaught Circus _bNew Delhi _e110001 |
||
| 300 |
_axxxiii,1068p. : _c25cm (pbk) _bill. _e1CD-ROM |
||
| 500 | _aIncludes bibliographical references and index. | ||
| 650 |
_935248 _aChemical processes. |
||
| 700 |
_924920 _aTurton, Richard |
||
| 942 |
_2ddc _cEN _mANA _h660.2812 |
||
| 999 |
_c57317 _d57317 |
||